|
|
|
|
| LEADER |
00000nab a2200000 a 4500 |
| 001 |
vtls001013689 |
| 003 |
SK-MaSNL |
| 005 |
20260305033847.0 |
| 008 |
040720e19450101xo 0 slo |
| 035 |
|
|
|a RVS547
|
| 040 |
|
|
|a RVGKPD
|b slo
|c RVGKPD
|e AACR2
|
| 041 |
0 |
|
|a slo
|
| 044 |
|
|
|a xo
|c SK
|
| 080 |
|
|
|a 061.213
|2 1981
|
| 245 |
0 |
0 |
|a Konferencia SSM v Dobšinej
|
| 518 |
|
|
|a 13.05.1945
|
| 610 |
2 |
7 |
|a Sdruženie slovenskej mládeže (Vlachovo, Slovensko)
|2 RVGKPD
|9 1028373
|
| 650 |
0 |
7 |
|a organizácie detí a mládeže
|2 RVGKPD
|9 75880
|
| 650 |
0 |
7 |
|a konferencie
|2 RVGKPD
|9 19221
|
| 651 |
|
7 |
|a Rožňava (Slovensko : okres)
|2 RVGKPD
|9 19215
|
| 651 |
|
7 |
|a Gočovo (Slovensko)
|2 RVGKPD
|9 58511
|
| 655 |
|
7 |
|a periodikum
|2 snkbucl
|9 29553
|
| 710 |
2 |
|
|a Sdruženie slovenskej mládeže (Vlachovo, Slovensko)
|4 aut
|9 1028373
|
| 773 |
0 |
8 |
|t Šafárikov kraj
|g Roč. 8, č.4, 19.5.1945, s. 3
|
| 852 |
|
|
|a ZVYKNI
|b KIS3GCP
|
| 999 |
|
|
|c 3326558
|d 3328488
|